| 000 | 00906nam0a22002531 4500 | ||
|---|---|---|---|
| 001 | rc\2373841 | ||
| 005 | 20110829160656.7 | ||
| 035 | _a(NLR Aleph) 006601947 | ||
| 090 |
_a7257263 _c7257263 |
||
| 100 | _a20110829d1976 |||y0rusy50 ca | ||
| 101 | 0 | _arus | |
| 102 | _aRU | ||
| 105 | _ay z ||||| | ||
| 200 | 1 |
_aВопросы совершенствования ценообразования на услуги _eСб. науч. трудов _fПод общ. ред. к. э. н. В.И. Азара _gГос. ком. цен Совета Министров СССР. НИИ по ценообразованию |
|
| 210 |
_aМосква _cБ. и. _d1976 |
||
| 215 |
_a200 с. _d21 |
||
| 702 | 1 |
_aАзара _bВ. И. _4340 |
|
| 801 | 0 |
_aRU _bNLR _gpsbo |
|
| 801 | 1 |
_aRU _bELAR _2rusmarc |
|
| 852 |
_aNLR _j78-3/2573 |
||
| 899 |
_aRuMoRGB _jБ 76-6/1132 |
||
| 899 |
_aRuMoRGB _jБ 76-6/1133 |
||
| 942 | _cBOOK | ||
| 980 | _aNB | ||